Регионална библиотека "Любен Каравелов" - Русе

Прегрешенията на перото (Запис номер 207121)

MARC детайли
000 -Лидер
Контролно поле с фиксирана дължина 01315nam a2200313 c 4500
003 - Код на организацията, давaща контролен номер
Контролно поле BLK
005 - Дата и час на последна редакция
Контролно поле 20180422120834.0
008 - Елементи от данни с фиксирана дължина
fixed length control field 180411b bul|||||r ||||||| ||bul||
010 ## - Наследен системен номер
LC control number KNG00216873000
040 ## - Източник на каталожния запис
Идентификатор на билиотеката - собственик на записа BLK
041 ## - Код за език
Код за езика на текст/звукозапис или на отделно заглавие Български
Код за езика КДБФ Български
080 ## - УДК
Текстов определител УДК Англоканадска литература
УДК код - определител по УДК 821.111(71)
УДК определител -32
УДК - код + определител 821.111(71)-32
100 1# - Редна дума - Автор
Автор Лийкок, Стивън
Авторска отговорност първи автор
R(LIN) 88789
139 ## - Редно поле
Редна дума Лийкок, Стивън
Авторски знак Лиз - Л 56
245 10 - Сведения за заглавието
Заглавие Прегрешенията на перото
Подзаглавни данни Разкази
Редно поле (дума) Стивън Лийкок; състав. Веселин Лаптев; прев. от англ. Веселин Лаптев; с предг. от Наталия Клисурска.
257 ## - Страна на издаване
Страна на създаване/издаване България
260 ## - Област на издателските данни
-- Пловдив
Име на издателя, разпространителя и проч. Христо Г. Данов
Година на издаване 1986
300 ## - Физическа характеристика
Страници 229 с.
Размери/Мащаб 20 см
380 ## - Жанр
Жанр Худож. лит.
490 1# - СЕРИИ (Колекции)
Име на серия Библиотека Хумор на народите
700 1# - Други автори (авторска отговорност)
Лично име Лаптев, Веселин
Автороска отговорност (Описва отношението между автора и произведението) състав.
9 (RLIN) 364791
700 1# - Други автори (авторска отговорност)
Лично име Лаптев, Веселин
Автороска отговорност (Описва отношението между автора и произведението) прев. от англ.
9 (RLIN) 364791
700 1# - Други автори (авторска отговорност)
Лично име Клисурска, Наталия
Автороска отговорност (Описва отношението между автора и произведението) с предг. от
9 (RLIN) 381961
852 ## - Местоположение
Форматна сигнатура Цб 143264
856 4# - Електронен адрес и достъп
Електронен формат pdf - файл
Път до файла /url/
856 4# - Електронен адрес и достъп
Електронен формат pdf - файл
Път до файла /url/
942 ## - АРТИКУЛИ
Вид на библиотечния материал Книги
Скрит в OPAC Не
944 ## - СЪЗДАВАНЕ И РЕДАКЦИЯ на ЗАПИСА
Създаване/Редакция Създаване
Дата на регистрацията/редакция 06.03.2018
Служител, извършил регистрацията/редакцията Христина_Везирева
944 ## - СЪЗДАВАНЕ И РЕДАКЦИЯ на ЗАПИСА
Създаване/Редакция Редакция
Дата на регистрацията/редакция 06.03.2018
Служител, извършил регистрацията/редакцията Христина_Везирева
999 ## - СИСТЕМНИ КОНТРОЛНИ НОМЕРА
Koha biblionumber 207121
Koha biblioitemnumber 207121
Наличности
Код за отписване Код за изгубен артикул Източник на класификационната схема Код за повреда Коз за рестрикции Код за отдаване Артикулен № Име на библиотеката - собственик Име на библиотеката, в която се намира в момента Статус (Текущо местоположение) Дата на вписване в системата Местоположение - отдел Цена в лева Инвентарен номер Систематично азбучна сигнатура Баркод Номер на екземпляра Цена в евро Служебна бележка Служебен тип на артикула
  Не е изгубен Universal Decimal Classification Не е повреден без рестрикции ползва се в читалня 357280 Регионална библиотека "Любен Каравелов" Русе Регионална библиотека "Любен Каравелов" Русе Хранилище 1986-01-01 Хранилище 1.86 453405 Цб 143264 120000453405 1 0.95 Дост: Dp Вид: Сф N: стар фонд Дата: 01.01.1986 Книги
Изтеглен Не е изгубен   Не е повреден без рестрикции заемане за дома 357281 Регионална библиотека "Любен Каравелов" Русе Регионална библиотека "Любен Каравелов" Русе Заемна - подръчен фонд 1986-01-01 Заемна - подръчен фонд 1.86 455991 П 820(71)-32/Л 56 455991 2 0.95 Дост: Pk Вид: Сф N: стар фонд Дата: 01.01.1986 Дата инв: 14.03.2018 Бележки инв: П2018 Книги
Изтеглен Не е изгубен Universal Decimal Classification Не е повреден без рестрикции заемане за дома 357282 Регионална библиотека "Любен Каравелов" Русе Регионална библиотека "Любен Каравелов" Русе Заемна - подръчен фонд 1986-01-01 Заемна - подръчен фонд 1.86 455993 П 820(71)-32/Л 56 455993 3 0.95 Дост: Pk Вид: Сф N: стар фонд Дата: 01.01.1986 Книги
Изтеглен Не е изгубен Universal Decimal Classification Не е повреден без рестрикции заемане за дома 357283 Регионална библиотека "Любен Каравелов" Русе Регионална библиотека "Любен Каравелов" Русе Заемна - подръчен фонд 1986-01-01 Заемна - подръчен фонд 1.86 455995 П 820(71)-32/Л 56 455995 4 0.95 Дост: Pk Вид: Сф N: стар фонд Дата: 01.01.1986 Дата инв: 06.03.2018 Бележки инв: П2018 Книги
Vip Innovations Ltd, Rousse, Bulgaria 2025